| 000 | 01348nam a2200397Ii 4500 | ||
|---|---|---|---|
| 001 | DIGUAL0195 | ||
| 003 | NyNyDIG | ||
| 006 | m o d | ||
| 007 | cr ||||||||||| | ||
| 008 | 140501s2002 sp ob 001 0 spa d | ||
| 020 | _z9788479086961 | ||
| 020 | _z8479086963 | ||
| 035 | _a(OCoLC)644744343 | ||
| 040 |
_aDGITA _beng _epn _cDGITA |
||
| 043 | _ae-sp--- | ||
| 050 | 1 | 4 | _aDP171.5 eBook |
| 100 | 1 | _aMestre, Antonio. | |
| 245 | 1 | 0 |
_aHumanistas, políticos e ilustrados / _cAntonio Mestre Sanchis. |
| 264 | 1 |
_aSan Vicente del Raspeig : _bPublicaciones de la Universidad de Alicante, _c2002. |
|
| 300 | _a1 online resource (309 pages) | ||
| 336 |
_atext _btxt _2rdacontent |
||
| 337 |
_acomputer _bc _2rdamedia |
||
| 338 |
_aonline resource _bcr _2rdacarrier |
||
| 490 | 1 | _aMG, Monografías. | |
| 504 | _aIncludes bibliographical references and index. | ||
| 650 | 0 |
_aHumanism _zSpain. |
|
| 651 | 0 |
_aSpain _xIntellectual life _y1516-1700. |
|
| 651 | 0 |
_aSpain _xIntellectual life _y18th century. |
|
| 655 | 0 | _aElectronic books. | |
| 791 | 2 |
_aDigitalia (Firm), _edistributor. |
|
| 830 | 0 | _aMG (Universidad de Alicante) | |
| 793 | 0 |
_gDigitalia eBook Collection: _aUniv. de Alicante. |
|
| 856 | 4 | 0 |
_3Digitalia Hispánica _uhttps://www.digitaliapublishing.com/a/681/ |
| 910 | _aPremium Collection: 2007-2012 | ||
| 942 | _cRAA | ||
| 999 |
_c229691 _d229691 |
||